| 000 | 02118cam a22002775a 4500 | ||
|---|---|---|---|
| 001 | 15811015 | ||
| 005 | 20201128021517.0 | ||
| 008 | 090710t2010 njua fr 001 0 eng d | ||
| 020 | _a9780470481790 (paper/cdrom) | ||
| 040 |
_aDLC _cDLC _dEG-ScBUE _dUKM _dYDXCP _dCDX _dCOD _dSNK _dDLC _beng |
||
| 082 | 0 | 4 |
_a332.632042 _222 _bALL |
| 100 | 1 |
_aAllman, Keith A., _d1977- _938826 |
|
| 245 | 1 | 0 |
_aCorporate valuation modeling : _ba step-by-step guide / _cKeith A. Allman. |
| 260 |
_aHoboken : _bJohn Wiley & Sons, _cc.2010. |
||
| 300 |
_axi, 275 p. : _bill. ; _c24 cm. + _e1 CD-ROM (4 3/4 in.). |
||
| 490 | 0 | _aWiley finance | |
| 500 | _aAccompanied by CD-ROM containing: Complete Excel and VBA-based discounted cash flow model for use with Model Builder exercises in text. Supplemental Excel exercises for use with Model Builder exercises in text. | ||
| 500 | _aIndex : p. 267-275. | ||
| 505 | 0 | _aIntroduction -- Dates and timing -- Revenue, costs, and the income statement -- Capital structure and balance sheet -- Capital expenditures, depreciation, intangibles, and amortization -- Long-term debt -- Balancing the model -- Reconciling cash flow -- Free cash flow, terminal value, and discount rates and methods -- Output reporting -- Automation using Visual Basic applications (VBA). | |
| 520 | 1 | _a"Corporate Valuation Modeling takes you step-by-step through the process of creating a powerful corporate valuation model. Each chapter skillfully discusses the theory of the concept, followed by Model Builder instructions that inform you of every step necessary to create the template model. Many chapters also include a validation section that shows techniques and implementations that you can employ to make sure the model is working properly." "Complete with a companion CD-ROM that contains constructed models, this book is an essential guide to understanding the intricacies of corporate valuation modeling."--BOOK JACKET. | |
| 650 | 7 |
_aCorporations _xValuation. _2BUEsh _91291 |
|
| 650 | 0 |
_aBusiness enterprises _xValuation. _2BUEsh |
|
| 651 | _2BUEsh | ||
| 653 |
_bCOMSCI _cAugust2015 _cDecember2015 |
||
| 942 | _2ddc | ||
| 999 |
_c20593 _d20565 |
||